| 000 | 00678nam a22002057a 4500 | ||
|---|---|---|---|
| 003 | OSt | ||
| 005 | 20250806082123.0 | ||
| 008 | 250718b |||||||| |||| 00| 0 eng d | ||
| 020 | _a9786219522939 | ||
| 040 |
_aDWCL-Main lib _cOC |
||
| 082 | _aFil. 657.046 D273a 2015 | ||
| 100 | _aDayag, Antonio J. | ||
| 245 |
_aAdvanced financial accounting, vol. 2 : _ba comprehensive and procedural approach/ _cAntonio J. Dayag |
||
| 250 | _a2016 edition | ||
| 260 |
_aManila : _bLajara Publishing House, _cc2015. |
||
| 300 |
_avi, 1102 pages ; _c25 cm. |
||
| 504 | _aIncludes bibliographical references. | ||
| 650 | _a1. Accounting. | ||
| 942 |
_2ddc _cBK - FIL _e2016 edition _kFil. _n0 |
||
| 999 |
_c3772 _d3772 |
||